00369nam a2200133Ia 4500008004100000020001500041041001200056082001100068100001800079245007700097260004400174300000900218650000800227221030s9999 xx 000 0 und d a0195670922 aEnglish a105.23 aV. R. Moorthi 0aPower Electronics -Devices, & Industrial Applicationscby V. R. Moorthi bOxfor University PressaNew Delhic2005 a1013 aECE